The Only Remaining Soviet Union Country - Statistics

General Stats
  • This quiz has been taken 81 times
  • The average score is 12 of 15
Answer Stats
The only remaining Soviet Union country that... Answer % Correct
Has over 100 million people Russia
99%
Is in an active conflict with a country on this list Ukraine
97%
Has an area over 500000 square miles Kazakhstan
87%
Borders the Black Sea Georgia
86%
Is doubly landlocked Uzbekistan
83%
Touches the Caucasus Mountains Armenia
81%
Borders the Caspian Sea Azerbaijan
81%
Speaks a Romance language Moldova
81%
Actively uses the death penalty Belarus
80%
Has a totalitarian government Turkmenistan
74%
Speaks a non Indo-European language Estonia
71%
Has over 2 million people Lithuania
70%
Is landlocked Tajikistan
70%
Is a former Soviet Union country Latvia
67%
Contains one of the ten deepest lakes in the world Kyrgyzstan
66%
No matching quizzes found
Score Distribution
Percent of People with Each Score
Percentile by Number Answered
Your Score History
You have not taken this quiz